Exploring life through science 7 / (Record no. 5164)

MARC details
000 -LEADER
fixed length control field 00943nam a22002297a 4500
003 - CONTROL NUMBER IDENTIFIER
control field OSt
005 - DATE AND TIME OF LATEST TRANSACTION
control field 20251027051332.0
008 - FIXED-LENGTH DATA ELEMENTS--GENERAL INFORMATION
fixed length control field 251027b |||||||| |||| 00| 0 eng d
020 ## - INTERNATIONAL STANDARD BOOK NUMBER
International Standard Book Number 978-971-06-6058-2
040 ## - CATALOGING SOURCE
Original cataloging agency DWCL - Main Lib
Transcribing agency OC
082 ## - DEWEY DECIMAL CLASSIFICATION NUMBER
Edition number 5th
Classification number Res. 500 M828e 2024
100 ## - MAIN ENTRY--PERSONAL NAME
Personal name Morales-Ramos, Anna Cherylle [and 7 others]
245 ## - TITLE STATEMENT
Title Exploring life through science 7 /
Statement of responsibility, etc. Anna Cherylle Morales-Ramos [and 7 others]
250 ## - EDITION STATEMENT
Edition statement 5th
260 ## - PUBLICATION, DISTRIBUTION, ETC.
Place of publication, distribution, etc. Quezon Avenue, Quezon City, Philippines :
Name of publisher, distributor, etc. Phoenix Publishing House Inc.,
Date of publication, distribution, etc. c2024.
300 ## - PHYSICAL DESCRIPTION
Extent xi , 286 pages :
Other physical details colored illustrations :
Dimensions 28 cm.
650 ## - SUBJECT ADDED ENTRY--TOPICAL TERM
Topical term or geographic name entry element 1. Earth and Space
650 ## - SUBJECT ADDED ENTRY--TOPICAL TERM
Topical term or geographic name entry element 2. Life Sciences
650 ## - SUBJECT ADDED ENTRY--TOPICAL TERM
Topical term or geographic name entry element 3. Matter
710 ## - ADDED ENTRY--CORPORATE NAME
Corporate name or jurisdiction name as entry element I. Aristea V. Bayquen II. Jacob Noel M. Inguito III. Angelina A. Silverio IV. Angelito A. Silverio V. Josefina Ma. Ferriols-Pavico VI. Kerwin Paul J. Gonzales VII. John Donnie A. Ramos
942 ## - ADDED ENTRY ELEMENTS (KOHA)
Source of classification or shelving scheme Dewey Decimal Classification
Koha item type Book- Reserved
Edition 5th
Call number suffix Res.
Suppress in OPAC No
952 ## - LOCATION AND ITEM INFORMATION (KOHA)
--
952 ## - LOCATION AND ITEM INFORMATION (KOHA)
--
Holdings
Withdrawn status Lost status Source of classification or shelving scheme Damaged status Not for loan Home library Current library Shelving location Date acquired Source of acquisition Total Checkouts Full call number Barcode Date last seen Copy number Price effective from Koha item type Uniform Resource Identifier
    Dewey Decimal Classification     Junior High School Library Junior High School Library Reserved 09/11/2024 School Fund   Res. 500 M828e 2024 JHS - 21403 10/27/2025 c2 10/27/2025 BK-0 CIRC
    Dewey Decimal Classification     Junior High School Library Junior High School Library Reserved 09/11/2024 School Fund   Res. 500 M828e 2024 JHS - 21402 10/27/2025 c1 10/27/2025 BK-0 CIRC